LEADER 01560oam 2200433 a 450 001 9910702338003321 005 20131127081633.0 035 $a(CKB)5470000002426780 035 $a(OCoLC)820963398 035 $a(EXLCZ)995470000002426780 100 $a20121212d2012 ua 0 101 0 $aeng 135 $aurbn||||a|||| 181 $ctxt$2rdacontent 182 $cc$2rdamedia 183 $acr$2rdacarrier 200 10$aNorthern Ireland$b[electronic resource] $ewhy justice in individual cases matters : hearing before the Commission on Security and Cooperation in Europe, One Hundred Twelfth Congress, first session, March 16, 2011 210 1$aWashington :$cU.S. G.P.O.,$d2012. 215 $a1 online resource (iii, 51 pages) 300 $aTitle from title screen (viewed on Dec. 12, 2012). 300 $aPaper version available for sale by the Supt. of Docs., U.S. G.P.O. 300 $a"CSCE 112-1-2." 320 $aIncludes bibliographical references. 517 $aNorthern Ireland 606 $aPolice misconduct$zNorthern Ireland 606 $aBombing investigation$zNorthern Ireland 606 $aAssassination$xInvestigation$zNorthern Ireland 606 $aGovernmental investigations$zNorthern Ireland 615 0$aPolice misconduct 615 0$aBombing investigation 615 0$aAssassination$xInvestigation 615 0$aGovernmental investigations 801 0$bGPO 801 1$bGPO 801 2$bGPO 906 $aBOOK 912 $a9910702338003321 996 $aNorthern Ireland$9455761 997 $aUNINA LEADER 01023nam 2200325 450 001 9910137386703321 005 20231206213720.0 010 $a1-5044-0146-8 035 $a(CKB)3710000000553748 035 $a(NjHacI)993710000000553748 035 $a(EXLCZ)993710000000553748 100 $a20231206d1937 uy 0 101 0 $aeng 135 $aur||||||||||| 181 $ctxt$2rdacontent 182 $cc$2rdamedia 183 $acr$2rdacarrier 200 10$aAIEE No. 11-1937 $eAIEE American Tentative Standards for Railway Motors and Other Rotating Electrical Machinery on Rail Cars and Locomotives /$fInstitute of Electrical and Electronics Engineers 210 1$aPiscataway, New Jersey :$cIEEE,$d1937. 215 $a1 online resource (133 pages) 517 $aAIEE No. 11-1937 606 $aLocomotives 615 0$aLocomotives. 676 $a625.261 801 0$bNjHacI 801 1$bNjHacl 906 $aDOCUMENT 912 $a9910137386703321 996 $aAIEE No. 11-1937$93646605 997 $aUNINA